| 000 | 00548nam a2200169 4500 | ||
|---|---|---|---|
| 001 | 4863 | ||
| 005 | 20181127174309.0 | ||
| 020 | 0 | 0 | _a |
| 090 | 0 | 0 | _a248.27 B5759c 2012 |
| 245 | 0 | 0 |
_aCane and bamboo products catalogue 2012 / _b _cAgency for promotion of indigenous crafts. _h |
| 260 | 0 | 0 |
_aThimphu : _bAgency for promotion of indigenous crafts, _c2012. |
| 300 | 0 | 0 | _a66 p. ; 22 cm. |
| 500 | 0 | 0 | _a |
| 650 |
_aBamboo --Economic aspects _v _x _y _zBhutan. _2 |
||
| 650 | 0 | 0 |
_aBuddhist art and symbolism Bhutan Exhibitions. _x |
| 999 |
_c4043 _d4043 |
||